LEADER 00756nam a2200193 i 4500 001 000000258182 003 CaOOAMICUS 005 20180418000000.0 008 180418s1835 xx u000 u fre u 013 $a237090 040 $aSeMil$bita 245 10$aTome 3. 300 $a415 p. 773 0 $aDezobry, Charles <1798-1871>$tRome au siècle d'Auguste ou Voyage d'un Gaulois à Rome à l'époque du règne d'Auguste et pendant une partie du règne de Tibère.$dParis : Librairie classique et élémentaire de L. Hachette, 1835.$g3$w()17053 850 $aSeMil 852 $aSeMil$W1$xVenegono$y1$m3T IV 114 FA$j208528$B208528$CSeMilBibl$Z2$F222177 $8I 941 1 $a10 961 $aRecupero: Mantegazza 996 $6245$aTome 3$9(OLS)http://semarc/title/1575 LEADER 01573nam a2200277 i 4500 001 000000052542 003 CaOOAMICUS 005 20220523145528.0 008 130207s1738 gw u000 u lat u 013 $a23714 026 $aR.D. o-a- d.7. *)*) (3) 1738 (R) - [*= caratteri greci] 040 $aSeMil$bita 100 1 $aBöhmer, Justus Henning$b<1674-1749>.$0(OLS)http://semarc/name/14603 245 10$aIusti Henningii Boehmeri ... Institutiones iuris canonici tum ecclesiastici tum pontificii ad methodum Decretalium nec non ad fora catholicorum atque protestantium compositae. Adiecto duplici indice. 260 $aHalae Magdeburgicae :$bImpensis Orphanotrophei,$c1738. 300 $a[24], 716, [84] p. ;$c8°. 500 $aFront. stampato in rosso e nero. - Vign. calcogr. sul front., altra in testa a p. 1 500 $aNote ms. e sottolineatire su tutto il testo [di Ramagginius?] 500 $aSegn.: §4 §-2§4, A-5H4 650 4$aDiritto canonico.$0(OLS)http://semarc/subject/207 700 1 $aWaisenhaus$b.$0(OLS)http://semarc/name/7487 850 $aSeMil 852 $aSeMil$W1$xVenegono$y1$m2H II 25 FA$j18696$B18696$CSeMilBibl$Z2$F18698 $8I 996 $6245$aIusti Henningii Boehmeri ... Institutiones iuris canonici tum ecclesiastici tum pontificii ad methodum Decretalium nec non ad fora catholicorum atque protestantium compositae. Adiecto duplici indice$9(OLS)http://semarc/title/80642 996 $6260$aHalae Magdeburgicae :$bImpensis Orphanotrophei$9(OLS)http://semarc/publisher/41473